[Event "Nova Gorica"]
[Site "Nova Gorica"]
[Date "1996.??.??"]
[Round "9"]
[White "Grosar, Aljosa"]
[Black "Kragelj, Igor"]
[Result "1-0"]
[WhiteElo "2470"]
[BlackElo "2195"]

1.e4 c5 2.Nf3 Nc6 3.d4 cxd4 4.Nxd4 e6 5.Nc3 Qc7 6.Be3 a6 7.Bd3 Nf6 8.O-O Bd6
9.h3 Bf4 10.Qd2 Bxe3 11.Qxe3 Qb6 12.Nce2 Nxd4 13.Nxd4 d6 14.e5 dxe5 15.Qxe5 O-O
16.Nf3 Bd7 17.c4 Rac8 18.Rfd1 Rfd8 19.Qe2 Be8 20.Rd2 a5 21.Rad1 Ba4 22.b3 Be8
23.Ne5 Qc7 24.Qe3 Kf8 25.g4 Qc5 26.Qxc5+ Rxc5 27.f4 Rd4 28.Bf1 Rxd2 29.Rxd2 Ke7
30.Bg2 Rc7 31.Kf2 Nd7 32.Nf3 Nc5 33.Nd4 f6 34.Ke3 Bd7 35.Bf3 Ke8 36.Bd1 Ke7
37.a3 Na6 38.Be2 Rc8 39.Rb2 Rc7 40.b4 axb4 41.axb4 b6 42.Kd2 Bc8 43.Kc3 h6
44.Bf3 Bd7 45.Ra2 Bc8 46.Nb5 Rd7 47.Bc6 Rd3+ 48.Kxd3 Nxb4+ 49.Kd4 Nxa2 50.Be4 Nb4
51.Nc7 f5 52.gxf5 exf5 53.Bf3 g5 54.Na8 Nc2+ 55.Kc3 Ne3 56.Nxb6 Be6 57.c5 gxf4
58.Kd4 Nc2+ 59.Ke5 Ne1 60.Bd5 Nd3+  1-0

[Event "Novorossijsk op"]
[Site "Novorossijsk"]
[Date "1996.??.??"]
[Round "?"]
[White "Poluljahov, Aleksandr"]
[Black "Tregubov, Pavel V"]
[Result "1-0"]
[WhiteElo "2480"]
[BlackElo "2470"]

1.e4 c5 2.Nf3 Nc6 3.d4 cxd4 4.Nxd4 e6 5.Nc3 Qc7 6.Be3 a6 7.Bd3 Nf6 8.Nb3 Bd6
9.Na4 b5 10.Nb6 Rb8 11.Nxc8 Rxc8 12.g3 Ne5 13.O-O Nc4 14.Bc1 O-O 15.a4 e5
16.Qe2 Be7 17.c3 Rfd8 18.axb5 axb5 19.Nd2 d5 20.exd5 Nxd5 21.Nxc4 bxc4 22.Bf5 Rb8
23.Re1 g6 24.Bh3 Bd6 25.Bg5 Re8 26.Bg2 Nb6 27.h4 Be7 28.Bxe7 Rxe7 29.Ra5 e4
30.Kh2 Nd7 31.Rea1 Ne5 32.Qxe4 Nd3 33.Qd4 Rd8 34.Ra8 Ree8 35.R1a7  1-0

[Event "Oberwart op"]
[Site "Oberwart"]
[Date "1996.??.??"]
[Round "3"]
[White "Dvoirys, Semen I"]
[Black "Medvegy, Nora"]
[Result "1-0"]
[WhiteElo "2570"]
[BlackElo "2295"]

1.e4 c5 2.Nf3 e6 3.d4 cxd4 4.Nxd4 Nc6 5.Nc3 Qc7 6.Be3 a6 7.Bd3 Nf6 8.O-O Ne5
9.h3 Bc5 10.Qe2 d6 11.f4 Ng6 12.Nb3 Bxe3+ 13.Qxe3 O-O 14.Na4 Nd7 15.f5 Nge5
16.fxe6 fxe6 17.Rxf8+ Kxf8 18.Nd4 Nc5 19.Nxc5 Qxc5 20.Rf1+ Kg8 21.Qf2 Bd7
22.c3 Re8 23.Bc2 Bb5 24.Rd1 Rf8 25.Qg3 Rf6 26.Kh1 Be8 27.b4 Qc7 28.Bb3 Bf7
29.a4 h6 30.a5 Kh8 31.Qe3 Bh5 32.Re1 Qf7 33.Kg1 Qg6 34.Rf1 Nf3+ 35.Nxf3  1-0

[Event "Oberwart op"]
[Site "Oberwart"]
[Date "1996.??.??"]
[Round "5"]
[White "Suetin, Alexey S"]
[Black "Medvegy, Nora"]
[Result "1/2-1/2"]
[WhiteElo "2420"]
[BlackElo "2295"]

1.e4 c5 2.Nc3 e6 3.Nf3 Nc6 4.d4 cxd4 5.Nxd4 Qc7 6.Be3 a6 7.Bd3 Nf6 8.O-O Ne5
9.Be2 b5 10.f4 Nc4 11.Bxc4 Qxc4 12.e5 Nd5 13.Nxd5 Qxd5 14.Qe2 Bb7 15.Nb3 Rc8
16.Qf2 Be7 17.c3 Qe4 18.Rad1 Bd5 19.Rd4 Qf5 20.Rd2 d6 21.Nd4 Qe4 22.exd6 Bxd6
23.Ne2 O-O 24.Bd4 Qg6 25.Ng3 Qg4 26.f5 Bc4 27.Qf3 exf5 28.Nxf5 Qg5 29.Be3 Bc5
30.Re1 Rfe8 31.Nd4 Bd5 32.Qf2 Qg6 33.a3 h6 34.Bf4 Rxe1+ 35.Qxe1 Bxd4+ 36.cxd4 Rc2
37.Rxc2 Qxc2 38.Qd2 Qb1+ 39.Qc1 Qe4 40.Qd2 Kh7 41.h3 Qb1+ 42.Kh2 Qe4 43.Bg3 Kg8
44.Bd6 Kh7 45.Bg3 Kh8 46.Bc7 f6 47.Qf2 Kh7 48.h4 Kg8  1/2-1/2

[Event "Oberwart op"]
[Site "Oberwart"]
[Date "1996.??.??"]
[Round "5"]
[White "Groszpeter, Attila"]
[Black "Sadler, Matthew"]
[Result "0-1"]
[WhiteElo "2545"]
[BlackElo "2615"]

1.e4 c5 2.Nf3 e6 3.d4 cxd4 4.Nxd4 Nc6 5.Nc3 Qc7 6.Be3 a6 7.Bd3 Nf6 8.O-O Ne5
9.h3 Bc5 10.f4 d6 11.Kh1 Ng6 12.Qe1 Bd7 13.Nb3 Bxe3 14.Qxe3 O-O 15.Rae1 e5
16.f5 Ne7 17.g4 Bc6 18.Kh2 Rae8 19.g5 Nh5 20.Qf3 Nf4 21.Ne2 Nxf5 22.Nxf4 exf4
23.Qxf4 Ne7 24.e5 dxe5 25.Qxe5 Qd8 26.Nd4 Bd5 27.Qf4 Ng6 28.Bxg6 hxg6 29.b3 b5
30.Re5 Rxe5 31.Qxe5 Re8 32.Qg3 Bb7 33.Qf4 Qd5 34.Nf3 Re2+ 35.Kg3 Rxc2 36.Ne5 Rc3+
37.Kh4 Kh7 38.Rf2 Qh1 39.Qh2 Qe1 40.Ng4 Rf3 41.Qg2 Bd5 42.b4 Bb7 43.a3 Bd5  0-1

[Event "RUS-Cup3"]
[Site "Omsk"]
[Date "1996.??.??"]
[Round "5"]
[White "Ibragimov, A."]
[Black "Varavin, Viktor"]
[Result "1/2-1/2"]
[WhiteElo "2250"]
[BlackElo "2520"]

1.e4 c5 2.Nf3 e6 3.d4 cxd4 4.Nxd4 Nc6 5.Nc3 Qc7 6.Be2 a6 7.O-O Nf6 8.Be3 Bb4
9.Nxc6 bxc6 10.Qd4 c5 11.Qc4 Bb7 12.Bf3 Qe5 13.Na4  1/2-1/2

[Event "RUS-Cup3"]
[Site "Omsk"]
[Date "1996.??.??"]
[Round "8"]
[White "Kotsur, Pavel"]
[Black "Kozirev, Alexander"]
[Result "1-0"]
[WhiteElo "2505"]
[BlackElo "2370"]

1.e4 c5 2.Nc3 Nc6 3.Nge2 e6 4.d4 cxd4 5.Nxd4 Nf6 6.a3 Be7 7.Be2 d5 8.exd5 Nxd5
9.Nxc6 bxc6 10.Na2 Qc7 11.c4 Nf4 12.Bf3 O-O 13.O-O Rb8 14.Qc2 c5 15.Rb1 Rd8
16.Be3 Bf6 17.Nc3 Ba6 18.Qa4 Rb6 19.Rfd1 g5 20.Rxd8+ Bxd8 21.Rd1 Rd6 22.Rxd6 Qxd6
23.Ne4 Qd3 24.Nxc5 Ne2+ 25.Kf1 Ng3+ 26.Ke1 Qb1+ 27.Qd1 Ba5+ 28.b4 Bxb4+ 29.axb4 Qxb4+
30.Qd2 Qxc4 31.Qd8+ Kg7 32.Bd4+  1-0

[Event "RUS-chT"]
[Site "Orel"]
[Date "1996.??.??"]
[Round "?"]
[White "Stripunsky, Alexander"]
[Black "Tunik, Gennady"]
[Result "1-0"]
[WhiteElo "2495"]
[BlackElo "2475"]

1.e4 c5 2.Nf3 e6 3.d4 cxd4 4.Nxd4 Nc6 5.Nc3 a6 6.Be3 Qc7 7.Bd3 b5 8.Nxc6 Qxc6
9.a4 b4 10.Ne2 Bb7 11.Ng3 Nf6 12.Bg5 Qc5 13.Bxf6 gxf6 14.Nh5 Qe5 15.O-O Qxb2
16.Qg4 Bc5 17.c3 Qxc3 18.Rac1 Qe5 19.Kh1 Ke7 20.f4 Qd4 21.Qh4 Rag8 22.Rxc5 Qxc5
23.Nxf6 Kd6 24.Nxg8 Rxg8 25.Qxh7 Rf8 26.Qg7 Kc7 27.a5 Kb8 28.h4 Ka8 29.Kh2 Rc8
30.Qxf7 Qd4 31.Bb1 b3 32.h5 b2 33.h6 Bxe4 34.Qg7 Qxg7 35.Bxe4+ d5 36.Bxd5+ Qb7
37.Bxb7+ Kxb7 38.Rb1 Rh8 39.Rxb2+ Kc6 40.Rb6+ Kd5 41.Kg3  1-0

[Event "ESP-chT"]
[Site "Oropesa del Mar"]
[Date "1996.??.??"]
[Round "3"]
[White "Romero Holmes, Alfonso"]
[Black "Franco Ocampo, Zenon"]
[Result "1/2-1/2"]
[WhiteElo "2430"]
[BlackElo "2470"]

1.e4 c5 2.Nf3 Nc6 3.d4 cxd4 4.Nxd4 e6 5.Nc3 Qc7 6.g3 a6 7.Bg2 Nf6 8.O-O Bc5
9.Nxc6 dxc6 10.Na4 Ba7 11.c4 b5 12.e5 Nd7 13.Nc3 b4 14.Ne4 O-O 15.Bf4 Nxe5
16.Qh5 f6 17.Bxe5 Qxe5 18.Qxe5 fxe5 19.c5 Rd8 20.Rac1 Rd4 21.Rfe1 Bd7 22.Ng5 Bb8
23.Be4 Rd2 24.Red1 Rd5 25.Bxh7+ Kf8 26.Be4 Rxd1+ 27.Rxd1 Ke7 28.Nf3 a5 29.Nd2 Bc7
30.Nc4 Rb8 31.Nd6 a4 32.h4 Ra8 33.Kg2 Ra5 34.Rc1 Bxd6 35.cxd6+ Kxd6 36.h5 Ra8
37.g4 Rh8 38.Kg3 c5 39.Rd1+ Ke7 40.Rc1 Kd6 41.Rd1+ Ke7 42.Rc1 Kd6  1/2-1/2

[Event "ESP-chT"]
[Site "Oropesa del Mar"]
[Date "1996.??.??"]
[Round "4"]
[White "Ballester Sanz, Joaquin"]
[Black "Teran Alvarez, Ismael"]
[Result "1-0"]
[WhiteElo "2195"]
[BlackElo "2325"]

1.e4 c5 2.Nf3 e6 3.d4 cxd4 4.Nxd4 Nc6 5.Nc3 Qc7 6.f4 a6 7.Nf3 d6 8.Bd3 Nf6
9.O-O Be7 10.Qe2 O-O 11.Kh1 b5 12.Bd2 b4 13.Na4 e5 14.Qf2 Rb8 15.Rae1 Bd7
16.b3 Nd8 17.fxe5 Ng4 18.Qg3 Nxe5 19.Nxe5 dxe5 20.Bh6 Ne6 21.Bc4 Bg5 22.Bxg5 Nxg5
23.Nb2 Ne6 24.Nd3 f6 25.Qg4 Qc8 26.Rf3 Kh8 27.Rg3 Ng5 28.Qe2 Nf7 29.Rd1 Nd6
30.Nxe5 Nxc4 31.Nxd7 Ne5 32.Nxb8 Qxb8 33.Qxa6 Qc7 34.Qd6  1-0

[Event "Pamplona9596"]
[Site "Pamplona"]
[Date "1996.??.??"]
[Round "?"]
[White "Magem Badals, Jorge"]
[Black "Ljubojevic, Ljubomir"]
[Result "1-0"]
[WhiteElo "2560"]
[BlackElo "2600"]

1.e4 c5 2.Nf3 e6 3.d4 cxd4 4.Nxd4 Nc6 5.Nc3 Qc7 6.Be2 Nf6 7.O-O a6 8.Be3 Bb4
9.Nxc6 Bxc3 10.bxc3 bxc6 11.c4 c5 12.f3 O-O 13.Qd2 Ne8 14.Rab1 d6 15.Qc3 f5
16.exf5 exf5 17.Bf4 h6 18.Rfe1 Rb8 19.Rb3 Rb7 20.Bf1 Qd8 21.Qd2 Re7 22.Qd5+ Kh7
23.Rxe7 Qxe7 24.Qc6 g5 25.Bd2 Ng7 26.Rd3 Rd8 27.Ba5 Qd7 28.Qb6 Ne6 29.Qb8 Rg8
30.Qxd6 Qxd6 31.Rxd6 Kg6 32.Bd3 Kf6 33.Rd5 f4 34.Bb6 Bb7 35.Rf5+ Ke7 36.Bxc5+ Nxc5
37.Rxc5 Kd6 38.Rf5 Re8 39.Kf2 Re5 40.Rf6+ Re6 41.Rf7 Bc8 42.Bf5 Re8 43.h4 Ke5
44.Bd3 gxh4 45.Rh7 h3 46.gxh3 Bxh3 47.Rxh6 Be6 48.Rh5+ Kd4 49.Ra5 Bc8 50.c5 Rf8
51.Bxa6 Bxa6 52.Rxa6 Kxc5 53.Ra4 Kd6 54.Re4 Rc8 55.c4 Ra8 56.a4 Rf8 57.Ke2 Kc5
58.a5 Kb4 59.a6 Ra8 60.Rxf4 Rxa6 61.Re4 Ra2+ 62.Ke3  1-0

[Event "Pamplona9697"]
[Site "Pamplona"]
[Date "1996.??.??"]
[Round "9"]
[White "De la Villa Garcia, Jesus Maria"]
[Black "Cramling, Pia"]
[Result "1/2-1/2"]
[WhiteElo "2495"]
[BlackElo "2545"]

1.e4 c5 2.Nf3 e6 3.d4 cxd4 4.Nxd4 Nc6 5.Nc3 Qc7 6.g3 a6 7.Bg2 d6 8.O-O Be7
9.Re1 Bd7 10.Nxc6 Bxc6 11.a4 Nf6 12.a5 O-O 13.Be3 Nd7 14.Na4 Rae8 15.Nb6 f5
16.Nxd7 Qxd7 17.Qd3 Bxe4 18.Bxe4 fxe4 19.Qxe4 d5 20.Qa4 Qxa4 21.Rxa4 Rc8
22.c3 Rc6 23.Bd4 Rfc8 24.f4 g6 25.Kg2 Kf7 26.Kf3 Rc4 27.Rxc4 Rxc4 28.Ra1 Bd6
29.Ke3 Ke7 30.Kd3 Kd7 31.b3 Rc8 32.Re1 Bc7 33.b4 Bd6 34.Be5 Bxe5 35.Rxe5 Kd6  1/2-1/2

[Event "Komercni Banka op"]
[Site "Pardubice"]
[Date "1996.??.??"]
[Round "1"]
[White "Sikora, Jan"]
[Black "Drogoon, A."]
[Result "0-1"]
[WhiteElo "2165"]
[BlackElo "2385"]

1.e4 c5 2.Nc3 Nc6 3.Nf3 e6 4.d4 cxd4 5.Nxd4 Qc7 6.g3 a6 7.Bg2 Nf6 8.O-O d6
9.Nb3 Be7 10.Qe2 O-O 11.Be3 b5 12.Rad1 Bb7 13.a3 Ne5 14.Bc1 Nc4 15.Rd3 Nd7
16.f4 Bf6 17.Rfd1 Rfd8 18.Nd4 Nc5 19.Rf3 Qb6 20.Kh1 Nxe4 21.Nxe4 Bxd4 22.b3 d5
23.Ng5 Nd6 24.Qd3 Bf6 25.Nxh7 Be7 26.g4 Ne4 27.Be3 Qc7 28.Rh3 Rac8 29.Ng5 Qxc2
30.Qf1 d4 31.Rxd4 Nxg5 32.fxg5 Rxd4 33.Bxd4 Qxg2+ 34.Qxg2 Rc1+ 35.Bg1 Bc5  0-1

[Event "Komercni Banka op"]
[Site "Pardubice"]
[Date "1996.??.??"]
[Round "2"]
[White "Sandor, Christian"]
[Black "Milov, Leonid"]
[Result "0-1"]
[WhiteElo "2350"]
[BlackElo "2455"]

1.e4 c5 2.Nf3 e6 3.d4 cxd4 4.Nxd4 Nc6 5.Nc3 a6 6.Nxc6 bxc6 7.Bd3 d6 8.O-O Nf6
9.f4 Be7 10.Qf3 Nd7 11.b3 O-O 12.Bb2 Nc5 13.Rae1 d5 14.Nd1 f5 15.exf5 exf5
16.Kh1 Ne4 17.Bxe4 fxe4 18.Qc3 Rf6 19.f5 c5 20.Qg3 d4 21.Rxe4 Bxf5 22.Re2 Bd3
23.Rxf6 Bxe2 24.Re6 Bh4  0-1

[Event "Komercni Banka op"]
[Site "Pardubice"]
[Date "1996.??.??"]
[Round "2"]
[White "Onoprienko, Vladimir"]
[Black "Orsag, Milan"]
[Result "1-0"]
[WhiteElo "2295"]
[BlackElo "2430"]

1.e4 c5 2.Nc3 Nc6 3.Nf3 e6 4.d4 cxd4 5.Nxd4 Qc7 6.Be2 a6 7.O-O Nf6 8.Be3 Be7
9.Kh1 O-O 10.f4 d6 11.a4 Re8 12.Nb3 b6 13.Bf3 Rb8 14.Qe2 Na5 15.Rad1 Nc4
16.Bc1 b5 17.axb5 axb5 18.e5 dxe5 19.fxe5 Nd7 20.Bf4 b4 21.Nd5 exd5 22.e6 Qxf4
23.Bxd5 Qxf1+ 24.Rxf1 fxe6 25.Bxc4 Bf6 26.Bd3 Bb7 27.Bb5 Rbd8 28.Na5 Bd5
29.Nc6 Bxb2 30.Nxd8 Rxd8 31.Bxd7 Rxd7 32.Qb5 Rd8 33.Qxb4 Bf6 34.c4 Bc6 35.Qb6 Rc8
36.h3 h6 37.Qa6 Rc7 38.Rb1 Kh7 39.Rb8 Bd4 40.c5 e5 41.Qd3+ g6 42.Qc4  1-0

[Event "Komercni Banka op"]
[Site "Pardubice"]
[Date "1996.??.??"]
[Round "2"]
[White "Sax, Gyula"]
[Black "Dovzik, Juri"]
[Result "1/2-1/2"]
[WhiteElo "2525"]
[BlackElo "2395"]

1.e4 c5 2.Nf3 e6 3.d4 cxd4 4.Nxd4 Nc6 5.Nc3 Qc7 6.Be3 a6 7.Bd3 Nf6 8.O-O Ne5
9.h3 Bc5 10.Na4 Ba7 11.c4 d6 12.Rc1 Bd7 13.Nc3 O-O 14.b3 Rfd8 15.Bb1 Be8
16.Qe2 Qe7 17.Kh1 Nc6 18.Nxc6 Bxc6 19.Bxa7 Rxa7 20.f4 Nd7 21.b4 b6 22.Rcd1 Nf8
23.Qf2 Qc7 24.f5 exf5 25.Qxf5 Ba8 26.Bd3 Ng6 27.Nd5 Bxd5 28.Qxd5 Ne5 29.Rf2 a5
30.a3 axb4 31.axb4 Ra4 32.Rb2 h6 33.Be2 Raa8 34.Rbd2 Rac8 35.Ra2 Qc6 36.Ra6 Nxc4
37.Qxc6 Rxc6 38.Rc1 Rdc8 39.b5 Rc5 40.Rxc4 Rxc4 41.Bxc4 Rxc4 42.Rxb6 Rxe4
43.Rxd6 Rb4 44.b6 h5 45.Kg1 Rb2 46.Kf1 Kf8 47.Rc6 g6 48.Ke1 Kg7 49.g3 g5
50.Kd1 h4 51.Kc1 Rb5 52.gxh4 gxh4 53.Kc2 f5 54.Kd3 f4 55.Ke4 Rb3 56.Kxf4 Rxh3
57.Kg5 Rg3+ 58.Kxh4 Rb3 59.Kg5 Kf7 60.Rh6 Ke7 61.b7 Kd7  1/2-1/2

[Event "Komercni Banka op"]
[Site "Pardubice"]
[Date "1996.??.??"]
[Round "4"]
[White "Klein, J."]
[Black "Lingnau, Carsten"]
[Result "0-1"]
[WhiteElo "2090"]
[BlackElo "2380"]

1.e4 c5 2.Nf3 e6 3.d4 cxd4 4.Nxd4 Nc6 5.Nc3 Qc7 6.g3 a6 7.Bg2 d6 8.O-O Bd7
9.a4 Nf6 10.Nb3 b6 11.f4 Rb8 12.Be3 Be7 13.Kh1 Bc8 14.g4 Bb7 15.g5 Nd7 16.f5 Nde5
17.fxe6 fxe6 18.Qh5+ g6 19.Qe2 Bc8 20.Bh3 Qd8 21.Rad1 Nf7 22.Rxf7 Kxf7 23.Nd4 Nxd4
24.Bxd4 Re8 25.Rf1+ Kg8 26.Bf6 Rf8 27.Qc4 Bxf6 28.Bxe6+ Bxe6 29.Qxe6+ Kg7
30.gxf6+ Rxf6 31.Qc4 Rxf1+ 32.Qxf1 Qf6 33.Qxa6 Rf8 34.Qe2 Qf1+ 35.Qxf1 Rxf1+
36.Kg2 Rc1  0-1

[Event "Komercni Banka op"]
[Site "Pardubice"]
[Date "1996.??.??"]
[Round "4"]
[White "Bezgodov, Alexei"]
[Black "Batakovs, Olegs"]
[Result "1-0"]
[WhiteElo "2490"]
[BlackElo "2245"]

1.e4 c5 2.Nf3 e6 3.d4 cxd4 4.Nxd4 Nc6 5.Nc3 Qc7 6.Be2 a6 7.O-O Nf6 8.Be3 Be7
9.f4 d6 10.Kh1 O-O 11.a4 Re8 12.Qe1 e5 13.fxe5 dxe5 14.Qg3 Nxd4 15.Bxd4 Bd8
16.Be3 Kh8 17.Rad1 Be6 18.Bf3 Rc8 19.Rd2 Be7 20.Nd5 Bxd5 21.exd5 Bd6 22.Qh3 Qc4
23.Rdf2 Qxa4 24.Bg5 Ne4 25.Bxe4 Qxe4 26.Qd7 Qxd5 27.Rxf7 Qe6 28.Rxg7 Rc7
29.Bf6 Rxd7 30.Rxd7+ Kg8 31.Rg7+ Kh8 32.Rxb7+ Qxf6 33.Rxf6 Bc5 34.Rh6 e4
35.Rbxh7+ Kg8 36.Rh8+ Kf7 37.Rxe8  1-0

[Event "Komercni Banka op"]
[Site "Pardubice"]
[Date "1996.??.??"]
[Round "4"]
[White "Drbohlav, Frantisek"]
[Black "Hadraba, Vladimir"]
[Result "0-1"]
[WhiteElo "2170"]
[BlackElo "2275"]

1.e4 c5 2.Nc3 Nc6 3.Nf3 e6 4.d4 cxd4 5.Nxd4 Qc7 6.Be3 a6 7.Bd3 Nf6 8.O-O Be7
9.Kh1 O-O 10.f4 d6 11.Qf3 Bd7 12.Nb3 b5 13.g4 g6 14.g5 Nh5 15.Qh3 Nb4 16.a3 Nxd3
17.cxd3 a5 18.Nd4 b4 19.Nce2 Qb7 20.Qf3 e5 21.Nc2 b3 22.f5 bxc2 23.f6 Bd8
24.Nc3 Be6 25.Nd5 Bxd5 26.exd5 a4 27.Bd2 Ba5  0-1

[Event "Komercni Banka op"]
[Site "Pardubice"]
[Date "1996.??.??"]
[Round "6"]
[White "Stocek, Jiri"]
[Black "Kostin, Alexey"]
[Result "0-1"]
[WhiteElo "2460"]
[BlackElo "2300"]

1.e4 c5 2.Nf3 e6 3.Nc3 Nc6 4.d4 cxd4 5.Nxd4 Qc7 6.Be3 Nf6 7.Bd3 a6 8.O-O Ne5
9.h3 Bc5 10.Kh1 b5 11.f4 Nxd3 12.Qxd3 Bb7 13.Ndxb5 axb5 14.Nxb5 Qc6 15.Bxc5 Nxe4
16.Qxe4 Qxb5 17.Qd4 Qc6 18.Rf2 f6 19.c4 Kf7 20.Rd1 d5 21.b4 Rhd8 22.Bb6 Rdc8
23.c5 Ra3 24.Rd3 Rca8 25.Rxa3 Rxa3 26.Kh2 Qb5 27.Ba5 Bc6 28.Qb2 Re3 29.Qd2 Re4
30.a3 Qc4 31.Bc7 d4 32.f5 e5 33.a4 Bxa4 34.Qa2 Qxa2 35.Rxa2 d3 36.Rd2 Bb5
37.Kg3 Rxb4 38.Ba5 Rc4 39.Bb6 Rc2 40.Rd1 Bc6 41.Rxd3 Rxg2+ 42.Kh4 g5+ 43.fxg6+ hxg6
44.Bd8 Be8  0-1

[Event "Komercni Banka op"]
[Site "Pardubice"]
[Date "1996.??.??"]
[Round "8"]
[White "Drbohlav, Frantisek"]
[Black "Kievelitz, Bernd"]
[Result "1-0"]
[WhiteElo "2170"]
[BlackElo "2145"]

1.e4 c5 2.Nc3 Nc6 3.Nf3 e6 4.d4 cxd4 5.Nxd4 a6 6.Be3 Nf6 7.Qd2 Qc7 8.f3 b5
9.g4 Ne5 10.g5 Nh5 11.f4 Nc4 12.Bxc4 Qxc4 13.Nd1 Bb7 14.Nf2 f5 15.Nb3 Bxe4
16.Nxe4 fxe4 17.O-O-O d5 18.g6 Rc8 19.gxh7 Rxh7 20.Kb1 Nf6 21.Qg2 Qc7 22.Bd4 Qf7
23.Be5 Bc5 24.Nxc5 Rxc5 25.Rhg1 Rc6 26.Qf2 Kf8 27.h4 Kg8 28.Rg2 Ne8 29.Rdg1 Kh8
30.b3 Kg8 31.Qd4 Kf8 32.h5 Nf6 33.h6 Rxh6 34.Rxg7 Qxg7 35.Rxg7 Kxg7 36.Qa7+  1-0

[Event "Paris op"]
[Site "Paris"]
[Date "1996.??.??"]
[Round "2"]
[White "Liss, Eran"]
[Black "Fressinet, Laurent"]
[Result "0-1"]
[WhiteElo "2480"]
[BlackElo "2290"]

1.e4 c5 2.Nf3 e6 3.d4 cxd4 4.Nxd4 Nc6 5.Nc3 Qc7 6.Be2 a6 7.O-O Nf6 8.Be3 Bb4
9.Na4 Be7 10.Nxc6 bxc6 11.Bd3 d5 12.exd5 cxd5 13.c4 O-O 14.Rc1 Qe5 15.Bd4 Qg5
16.f4 Qh4 17.Be2 dxc4 18.Rc3 e5 19.fxe5 Nd5 20.Rxc4 Be6 21.Bf2 Qg5 22.Qc1 Qxe5
23.Re1 Bg5 24.Bf3 Qf6 25.Qc2 Rad8 26.Nc5 Nf4 27.Ne4 Qg6 28.Rc3 Be7 29.Bg3 Nd5
30.Rb3 Nb4 31.Rxb4 Bxb4 32.Rf1 Bd5 33.a3 Rfe8 34.axb4 Bxe4 35.Qb3 Bxf3 36.Rxf3 Qb6+
37.Kh1 Qe6 38.h3 Qxb3 39.Rxb3 h6 40.b5 axb5 41.Rxb5 Re2 42.Bf4 Rd4  0-1

[Event "St Petersburg-Paris"]
[Site "Paris"]
[Date "1996.??.??"]
[Round "9"]
[White "Prie, Eric"]
[Black "Taimanov, Mark E"]
[Result "1/2-1/2"]
[WhiteElo "2500"]
[BlackElo "2480"]

1.e4 c5 2.Nf3 e6 3.d4 cxd4 4.Nxd4 Nc6 5.Nc3 a6 6.Be3 Nge7 7.a4 Nxd4 8.Qxd4 Nc6
9.Qb6 Bb4 10.Qxd8+ Kxd8 11.O-O-O Kc7 12.Bf4+ d6 13.Nb1 e5 14.Be3 Be6 15.Nd2 Rhd8
16.Bd3 Bc5 17.Bxc5 dxc5 18.b3 Na5 19.Be2 Rd4 20.f3 Rad8 21.Nf1 Rxd1+ 22.Bxd1 b5
23.axb5 axb5 24.Be2 Kb6 25.Ne3 Nc6  1/2-1/2

[Event "Parnu-B"]
[Site "Parnu"]
[Date "1996.??.??"]
[Round "1"]
[White "Rytshagov, Mikhail"]
[Black "Kulaots, Kaido"]
[Result "1/2-1/2"]
[WhiteElo "2495"]
[BlackElo "2400"]

1.e4 c5 2.Nc3 Nc6 3.Nf3 e6 4.d4 cxd4 5.Nxd4 Qc7 6.Be3 a6 7.Bd3 b5 8.O-O Bb7
9.Qe2 Nxd4 10.Bxd4 Ne7 11.f4 Ng6 12.Qe3 f6 13.Bb6 Qc6 14.a4 b4 15.Ne2 Bd6
16.a5 O-O 17.Nd4 Qc8 18.Nb3 e5 19.f5 Nf4 20.Rfd1 Be7 21.Nc5 Bxc5 22.Bxc5 Rd8
23.Be7 Re8 24.Bxb4 d5 25.Rac1 Qc6 26.Re1 Rac8 27.Bd2 Red8 28.Qf2 Nxd3 29.cxd3  1/2-1/2

[Event "Parnu-C"]
[Site "Parnu"]
[Date "1996.??.??"]
[Round "3"]
[White "Tsiganova, Monika"]
[Black "Fomina, Tatyana"]
[Result "1-0"]
[WhiteElo "2280"]
[BlackElo "2305"]

1.e4 c5 2.Nf3 Nc6 3.d4 cxd4 4.Nxd4 e6 5.Nc3 d6 6.g3 Nf6 7.Bg2 Bd7 8.O-O Be7
9.Nde2 a6 10.a4 Qc7 11.h3 Rd8 12.Be3 Na5 13.b3 Rc8 14.Qd3 Nc6 15.f4 Nb4 16.Qd2 d5
17.e5 Nh5 18.Kh2 g6 19.a5 Bc5 20.Nd1 Bb5 21.c3 Bxe2 22.Qxe2 Bxe3 23.Nxe3 Nc6
24.c4 d4 25.Nc2 Rd8 26.Rad1 Qxa5 27.Bxc6+ bxc6 28.Nxd4 Qb6 29.Qe4 Rc8 30.f5 c5
31.fxe6 fxe6 32.Nxe6 Qxe6 33.Rd6 Qe7 34.Qg4 Rd8 35.Re6 Rf8 36.Rxf8+ Kxf8
37.Rxe7 Kxe7 38.Qg5+ Ke8 39.e6 Rd6 40.g4 Ng7 41.Qe5  1-0

[Event "Passau op"]
[Site "Passau"]
[Date "1996.??.??"]
[Round "7"]
[White "Dolmatov, Sergey"]
[Black "Fogarasi, Tibor"]
[Result "1-0"]
[WhiteElo "2610"]
[BlackElo "2500"]

1.e4 c5 2.Nf3 Nc6 3.d4 cxd4 4.Nxd4 e6 5.Nc3 Qc7 6.Be2 a6 7.O-O b5 8.Nxc6 dxc6
9.f4 Bb7 10.Be3 Rd8 11.Qe1 Be7 12.Qg3 g6 13.Bf3 c5 14.Qh3 b4 15.Ne2 Nf6 16.f5 exf5
17.exf5 Bc8 18.Ng3 O-O 19.Rae1 Nd5 20.Bh6 Rfe8 21.Nh5 Nf6 22.Ng7 Rf8 23.Re2 c4
24.Rfe1 Bc5+ 25.Kh1 Qb6 26.Qh4 Bd4 27.Ne6 fxe6 28.fxe6 Rfe8 29.e7 Rd6 30.c3 bxc3
31.bxc3 Bf5 32.cxd4 Qxd4 33.Qg3 c3 34.Bf4 Rd7 35.Be5 Qb6 36.Bxc3 Kf7 37.Qh4 h5
38.Re6  1-0

[Event "ARG-ch"]
[Site "Pena City"]
[Date "1996.??.??"]
[Round "2"]
[White "Rosito, Jorge"]
[Black "Ricardi, Pablo"]
[Result "1/2-1/2"]
[WhiteElo "2420"]
[BlackElo "2535"]

1.e4 c5 2.Nf3 e6 3.d4 cxd4 4.Nxd4 Nc6 5.Nc3 a6 6.Be2 Qc7 7.O-O Nf6 8.Be3 Bb4
9.Na4 Bd6 10.Nxc6 bxc6 11.g3 Be7 12.Nb6 Rb8 13.Nxc8 Qxc8 14.Bd4 c5 15.Be5 Rb4
16.c4 Nxe4 17.Bxg7 Rg8 18.Qc2 Nxg3 19.fxg3 Rxg7 20.Bh5 d5 21.Rxf7 Rxf7 22.Rf1 Rxc4
23.Qxh7 Kd7 24.Rxf7 Qd8 25.Bf3 Kd6 26.h4 Rd4 27.h5 Rd2 28.Qg7 c4 29.Kh1 Rc2
30.h6 c3 31.bxc3 Qb6 32.Bg2 Qb1+ 33.Rf1 Rc1 34.Rxc1 Qxc1+ 35.Kh2 Qg5 36.Qh8 Qh5+
37.Bh3 Qe2+ 38.Bg2 Qh5+ 39.Bh3 Qe2+  1/2-1/2

[Event "Pico City op"]
[Site "Pico City"]
[Date "1996.??.??"]
[Round "5"]
[White "Kanefsck, Gustavo"]
[Black "Toloza, Pablo"]
[Result "1/2-1/2"]
[WhiteElo "2315"]
[BlackElo "2420"]

1.e4 c5 2.Nf3 e6 3.d4 cxd4 4.Nxd4 Nc6 5.Nc3 a6 6.Be3 Qc7 7.Bd3 Nxd4 8.Bxd4 b5
9.O-O Bb7 10.f4 b4 11.Ne2 Nf6 12.Ng3 h5 13.e5 h4 14.exf6 hxg3 15.hxg3 Bc5
16.Be2 Qb6 17.c3 gxf6 18.Bxc5 Qxc5+ 19.Qd4 Qxd4+ 20.cxd4 Ke7 21.Rac1 Rhc8
22.Kf2 Bd5 23.Bf3 Kd6 24.Ke3 f5 25.Rcd1 f6 26.Bxd5 exd5 27.Kf3 Rc4 28.b3 Rcc8
29.g4 fxg4+ 30.Kxg4 Rg8+ 31.Kf3 a5 32.Rh1 a4 33.Rde1 axb3 34.axb3 Ra2  1/2-1/2

[Event "Pico City op"]
[Site "Pico City"]
[Date "1996.??.??"]
[Round "9"]
[White "Kanefsck, Gustavo"]
[Black "Bronstein, Luis"]
[Result "0-1"]
[WhiteElo "2315"]
[BlackElo "2390"]

1.e4 c5 2.Nf3 e6 3.d4 cxd4 4.Nxd4 Nc6 5.Nc3 a6 6.Be3 Qc7 7.Bd3 Nf6 8.O-O Bd6
9.f4 Bc5 10.e5 Nxe5 11.fxe5 Qxe5 12.Kh1 Qxe3 13.Nf5 Qg5 14.Qe1 O-O 15.Qe5 exf5
16.Qxc5 d6 17.Qxd6 Be6 18.Rae1 Rad8 19.Qb6 Nd5 20.Nxd5 Bxd5 21.Re2 g6 22.b3 Rfe8
23.Ref2 h5 24.Bc4 Bxc4 25.bxc4 Qe3 26.Qb1 b6 27.h3 Re4 28.Qb3 Qc5 29.Qg3 Qd6
30.Qg5 Qe7 31.Rxf5 Qxg5 32.Rxg5 Rxc4 33.Re5 Rd7 34.Rf6 Rxc2 35.Rxb6 Rxa2
36.Re8+ Kg7 37.Ra8 Rd1+ 38.Kh2 Rdd2 39.h4  0-1

[Event "Plzen opJ-A"]
[Site "Plzen"]
[Date "1996.??.??"]
[Round "1"]
[White "Svab, Jan"]
[Black "Voller, Jiri"]
[Result "1-0"]
[WhiteElo "1930"]
[BlackElo "2250"]

1.e4 c5 2.Nf3 e6 3.d4 cxd4 4.Nxd4 Nc6 5.Nc3 Qc7 6.Be2 Nf6 7.O-O a6 8.a4 Bb4
9.Bf3 O-O 10.Nce2 Ne5 11.Ng3 b6 12.Bg5 Be7 13.Nh5 Bb7 14.Nxf6+ Bxf6 15.Bxf6 gxf6
16.c3 Nxf3+ 17.Qxf3 Qe5 18.Rfe1 f5 19.Qh5 Qg7 20.Re3 f4 21.Re2 f5 22.f3 fxe4
23.fxe4 Rac8 24.Nf3 Rc5 25.Qh4 Qg6 26.Rae1 Bc6 27.Qf2 Bxa4 28.Qd4 Bb5 29.Rd2 d5
30.Ne5 Qg5 31.b4 Rc7 32.exd5 f3 33.dxe6 Be2 34.Nxf3 Bxf3 35.e7 Rxe7 36.Rxe7 Qxe7
37.gxf3 Qe1+ 38.Kg2 Rf7 39.Qg4+ Kf8 40.Rd8+ Ke7 41.Qd7+ Kf6 42.Qd4+  1-0

[Event "JUG-ch Podgorica"]
[Site "Podgorica"]
[Date "1996.??.??"]
[Round "13"]
[White "Pikula, Dejan"]
[Black "Arsovic, Zoran"]
[Result "1/2-1/2"]
[WhiteElo "2455"]
[BlackElo "2460"]

1.e4 c5 2.Nf3 e6 3.d4 cxd4 4.Nxd4 Nc6 5.Nc3 d6 6.Be3 Nf6 7.f3 Be7 8.Qd2 O-O
9.O-O-O a6 10.g4 Nd7 11.h4 Nxd4 12.Bxd4 b5 13.a3 Ne5 14.Qf2 Nc6 15.Bb6 Qd7
16.f4 Rb8 17.e5 d5 18.Bc5 b4 19.axb4 Nxb4 20.Rh3 Bxc5 21.Qxc5 Qb7 22.b3 Bd7
23.Rd2 Rfc8 24.Qa5 d4 25.Na2  1/2-1/2

[Event "POL-chTJ"]
[Site "Poland"]
[Date "1996.??.??"]
[Round "?"]
[White "Martowicz, Krzysztof"]
[Black "Panas, Pawel"]
[Result "0-1"]
[WhiteElo "2100"]
[BlackElo "2215"]

1.e4 c5 2.Nf3 e6 3.d4 cxd4 4.Nxd4 Nc6 5.Nc3 d6 6.Bc4 Nf6 7.Bb3 Be7 8.Be3 a6
9.Qe2 O-O 10.O-O-O Qe8 11.f3 b5 12.g4 Nxd4 13.Rxd4 Nd7 14.g5 Nc5 15.f4 Rb8
16.Rg1 a5 17.f5 exf5 18.Bd5 b4 19.Nb1 Ne6 20.Rdd1 f4 21.Ba7 Rb7 22.Bxb7 Bxb7
23.Nd2 Qa8 24.Bf2 Rc8 25.Kb1 Ba6 26.Qf3 a4 27.h4 Bb5 28.h5 Nxg5 29.Qxf4 Qc6
30.Rc1 Nh3 31.Qg4 Nxg1 32.Bd4 g6 33.hxg6 hxg6 34.Qxg1 Bf8 35.Qf2 Bg7 36.Bxg7 Kxg7
37.Qd4+ f6 38.Qxb4 Qc5 39.Qxc5 dxc5 40.c4 Bc6 41.Kc2 Re8 42.Kd3 Rh8 43.Re1 Rh3+
44.Re3 Rxe3+ 45.Kxe3 Kf7 46.a3 Ke6 47.b4 axb3 48.Nxb3 Kd6 49.Nc1 Bb7 50.Nb3 Bc6
51.Nd2 Ba4 52.Kf4 Ke6 53.Ke3 Bc2 54.Nf3 g5 55.Ne1 Ba4 56.Nd3 Kd6 57.Nb2 Bc2
58.a4 Kc6 59.a5 Kb7 60.Kd2 Bxe4 61.Na4 Kc6 62.a6 Kd6 63.Ke3 f5 64.Nb6 Bc6
65.Nd5 Ke5 66.Kf3 Kd4 67.Ke2 f4 68.Nb6 g4 69.Nd5 Ke5 70.a7 g3 71.Nc7 Ke4
72.Nd5 f3+ 73.Kf1 Kd3 74.Ne7 Bb7 75.Nf5 g2+ 76.Kf2 Ba8 77.Nd6  0-1